Music Quiz

Random Music or Clickable Quiz

Numbers In Song Lyrics Quiz Stats

 Plays Quiz Updated Feb 12, 2016

Challenge
Share
Tweet
Embed
Score 0/25 Timer 06:00
1 Play Today
% Correct
6
78.7%
23
61.8%
10
48.5%
1
48%
21
45.9%
17
41.4%
9
40.7%
7
33.7%
18
33.7%
4
28.9%
2
27.5%
5
26.4%
3
24.5%
% Correct
16
23%
13
22.3%
19
21.8%
15
16.9%
12
16.4%
25
13.7%
11
12.4%
14
11.9%
22
10.8%
24
9.8%
20
8.6%
8
6.8%

You're not logged in!

Compare scores with friends on all Sporcle quizzes.
OR
Log In

You Might Also Like...

Show Comments

Extras

Top Quizzes Today


Score Distribution

Your Account Isn't Verified!

In order to create a playlist on Sporcle, you need to verify the email address you used during registration. Go to your Sporcle Settings to finish the process.

Report this User

Report this user for behavior that violates our Community Guidelines.

Details: